00940nam a2200241 a 450000100100000000500170001000800410002704000250006808200190009324500900011226000340020230000360023649000690027250400290034150400730037065000170044370000340046070000360049470000300053070000250056071000440058583000690062900000933920240307073945.0090929s1985 dr ad 000 0 spa d aDO-SdBNPbspacBNPHU a616.921bD392h00aDengue hemorrágico en el niño /ceditado por Eric Martínez Torres ... [et.al.]. aSanto Domingo :bUASD,c1985. a223 p. :bil., diagr. ;c21 cm.1 aPublicaciones de la Universidad Autónoma de Santo Domingov459 aBibliografías [p. 223] aIncluye referencias bibliográficas y notas al pie de las páginas 4aDenguezCuba1 aMartínez Torres, Eric,eed.1 aDotres Martínez, Carlos,eed.1 aGuzmán, Guadalupe,eed.1 aKouri, Gustavo,eed.1 aUniversidad Autónoma de Santo Domingo 0aPublicaciones de la Universidad Autónoma de Santo Domingon459